Statistics for Countries With Highest Percent of Smartphone Users

Click here to take the quiz!

General Stats

  • This quiz has been taken 98 times
  • The average score is 22 of 30

Answer Stats

Cellphone RateCountry% Correct
56.4United States
100%
62.2United Kingdom
99%
42.3France
92%
64.6Australia
91%
56.4Canada
91%
39.8Germany
90%
55.4Spain
90%
41.3Italy
89%
62.9Sweden
89%
46.9China
85%
52.0Netherlands
85%
57.0Ireland
84%
45.5Finland
83%
67.5Norway
83%
73.0South Korea
83%
54.0Switzerland
83%
53.6New Zealand
80%
71.7Singapore
76%
59.0Denmark
74%
36.8Mexico
74%
48.0Austria
72%
50.8Taiwan
66%
56.6Israel
60%
73.8United Arab Emirates
60%
41.6Czech Republic
49%
72.8Saudi Arabia
46%
39.8South Africa
46%
45.9Slovakia
45%
38.7Philippines
32%
62.8Hong Kong
25%

Score Distribution

Percentile by Number Answered

Percent of People with Each Score

Your Score History

You have not taken this quiz